Fictional Characters by Pictures - H - Statistics

General Stats
  • This quiz has been taken 81 times
  • The average score is 6 of 15
Answer Stats
Picture Answer % Correct
Harry Potter
99%
Hulk
92%
Hello Kitty
89%
Hannah Montana
77%
Hermione Granger
76%
Harley Quinn
65%
Haymitch
24%
Hatsune Miku
23%
Harper
11%
Hazel Grace Lancaster
11%
Hardin
8%
Hanna Marin
6%
Hürrem
4%
Hay Lin
1%
Humbert Humbert
1%
No matching quizzes found
Score Distribution
Percent of People with Each Score
Percentile by Number Answered
Your Score History
You have not taken this quiz